Регионална библиотека "Любен Каравелов" - Русе

Добродетелта на егоизма (Запис номер 322980)

MARC детайли
000 -Лидер
Контролно поле с фиксирана дължина 00862aam a2200253 a 4500
003 - Код на организацията, давaща контролен номер
Контролно поле BLK
005 - Дата и час на последна редакция
Контролно поле 20240309142046.0
008 - Елементи от данни с фиксирана дължина
fixed length control field 181011b bu ||||| |||| 00| 0 bu d
020 ## - Международен стандартен номер на книга ISBN
Международен стандартен номер на книга ISBN 978-954-8585-09-5
040 ## - Източник на каталожния запис
Идентификатор на билиотеката - собственик на записа BLK
041 ## - Код за език
Код за езика на текст/звукозапис или на отделно заглавие Български
Код за езика КДБФ Български
080 ## - УДК
Текстов определител УДК Егоизъм. Алтруизъм. Дейност в собствена и обща полза. Интереси
УДК код - определител по УДК 330.161
100 ## - Редна дума - Автор
Автор Ранд, Айн
Авторска отговорност първи автор
R(LIN) 1299
139 ## - Редно поле
Редна дума Ранд, Айн
Авторски знак Рам - Р 33
245 ## - Сведения за заглавието
Заглавие Добродетелта на егоизма
260 ## - Област на издателските данни
Име на издателя, разпространителя и проч. ИК МаК
Година на издаване 2008
Място на издаване, разпространение и проч. София
300 ## - Физическа характеристика
Страници 266 с.
Размери/Мащаб 21 см
380 ## - Жанр
Жанр Философия
650 #0 - Допълнително описание по предмет – тема
9 (RLIN) 261233
Основно описание – тема или топоним Личност - нравствено-етични проблеми
852 ## - Местоположение
Фондова буква Заемна - подръчен фонд
Систематично-азбучна сигнатура П 316.1/Р 33
999 ## - СИСТЕМНИ КОНТРОЛНИ НОМЕРА
Koha biblionumber 322980
Koha biblioitemnumber 322980
942 ## - АРТИКУЛИ
Вид на библиотечния материал Книги
Източник на класификационната схема Universal Decimal Classification
Скрит в OPAC Не
Koha issues (borrowed), all copies 10
999 ## - СИСТЕМНИ КОНТРОЛНИ НОМЕРА
Koha biblioitemnumber 322980
944 ## - СЪЗДАВАНЕ И РЕДАКЦИЯ на ЗАПИСА
Служител, извършил регистрацията/редакцията 30556
Статус, дата на статуса Теодора Пейчева-Дянкова
Наличности
Код за отписване Код за изгубен артикул Източник на класификационната схема Код за повреда Код за отдаване Артикулен № Име на библиотеката - собственик Име на библиотеката, в която се намира в момента Статус (Текущо местоположение) Дата на вписване в системата Местоположение - отдел Цена в лева Инвентарен номер Систематично азбучна сигнатура Баркод Цена в евро Служебен тип на артикула
  Не е изгубен Universal Decimal Classification Не е повреден заемане за дома 677522 Регионална библиотека "Любен Каравелов" Русе Регионална библиотека "Любен Каравелов" Русе Заемна - подръчен фонд 2018-06-18 Заемна - подръчен фонд 15.00 120000821320 П 330.1/Р 33 120000821320 7.67 Книги
Vip Innovations Ltd, Rousse, Bulgaria 2025